El capitalismo (Record no. 148233)

MARC details
000 -LEADER
campo de control de longitud fija 00697nam a2200181 4500
001 - NÚMERO DE CONTROL
campo de control 148233
003 - IDENTIFICADOR DE NÚMERO DE CONTROL
campo de control ES-MaACL
005 - FECHA Y HORA DE LA ÚLTIMA TRANSACCIÓN
campo de control 20230906202516.0
007 - CAMPO FIJO DE DESCRIPCIÓN FÍSICA--INFORMACIÓN GENERAL
campo de control de longitud fija t|
008 - DATOS DE LONGITUD FIJA--INFORMACIÓN GENERAL
campo de control de longitud fija 070214s1971 sp r ||||1| spa d
245 03 - MENCIÓN DEL TÍTULO
Título El capitalismo
Resto del título : de Manchester a Wall Street : textos, ilustraciones y documentos /
Mención de responsabilidad, etc. editados por Diether Stolze y Michael Jungblut ; [versión española de Joaquín Adsuar Ortega].
260 ## - PUBLICACIÓN, DISTRIBUCIÓN, ETC.
Lugar de publicación, distribución, etc. Barcelona :
Nombre del editor, distribuidor, etc. Luis de Caralt,
Fecha de publicación, distribución, etc. [1971] (
Lugar de fabricación/manufactura Andorra :
Fabricante Casall i Vall)
300 ## - DESCRIPCIÓN FÍSICA
Extensión 382 p. :
Otras características físicas il. ;
Dimensiones 25 cm.
700 1# - ENTRADA AGREGADA--NOMBRE PERSONAL
Nombre de persona Jungblut, Michael.
9 (RLIN) 67291
700 1# - ENTRADA AGREGADA--NOMBRE PERSONAL
Nombre de persona Adsuar Ortega, Joaquín.
9 (RLIN) 18492
700 1# - ENTRADA AGREGADA--NOMBRE PERSONAL
Nombre de persona Stolze, Diether.
9 (RLIN) 108300
852 ## - LOCALIZACIÓN
Ubicación ES-MaACL
Número de control de estantería C-42687
Sublocalización o colección R.81453
Holdings
Estatus retirado Estado de pérdida Estado de daño No para préstamo Biblioteca de origen Biblioteca actual Ubicación en estantería Fecha de adquisición Fuente de adquisición Total de préstamos Signatura topográfica completa Código de barras Visto por última vez Precio de reemplazo Tipo de ítem Koha
        Biblioteca del Ateneo de Madrid Biblioteca del Ateneo de Madrid Depósito 2 17/01/2008     C-42687 1154695 23/02/2023 23/02/2023 Libro impreso